Положительные и отрицательные стороны дистанционного обучения; Информационные технологии в науке, управлении, социальной сфере и медицине; Ч. 1

Λεπτομέρειες βιβλιογραφικής εγγραφής
Parent link:Информационные технологии в науке, управлении, социальной сфере и медицине: сборник научных трудов III Международной научной конференции, 23-26 мая 2016 г., Томск.— , 2016
Ч. 1.— 2016.— [С. 416-418]
Κύριος συγγραφέας: Фирцович Т. О.
Συγγραφή απο Οργανισμό/Αρχή: Национальный исследовательский Томский политехнический университет (ТПУ)
Περίληψη:Заглавие с титульного экрана
In modern society, the practice of distance education. This concept is very important in our time. This is a chance to save money and time. This article describes the positive and negative aspects of e-learning.
Γλώσσα:Ρωσικά
Έκδοση: 2016
Σειρά:Информационные технологии в образовании. Электронное обучение
Θέματα:
Διαθέσιμο Online:http://earchive.tpu.ru/handle/11683/31606
Μορφή: Ηλεκτρονική πηγή Κεφάλαιο βιβλίου
KOHA link:https://koha.lib.tpu.ru/cgi-bin/koha/opac-detail.pl?biblionumber=619390

MARC

LEADER 00000naa2a2200000 4500
001 619390
005 20231101133046.0
035 |a (RuTPU)RU\TPU\conf\17807 
035 |a RU\TPU\conf\17805 
090 |a 619390 
100 |a 20160819d2016 k y0rusy50 ca 
101 0 |a rus 
102 |a RU 
105 |a y z 101zy 
135 |a drcn ---uucaa 
181 0 |a i  
182 0 |a b 
200 1 |a Положительные и отрицательные стороны дистанционного обучения  |d Positive and negative aspects distance education  |f Т. О. Фирцович 
203 |a Текст  |c электронный 
225 1 |a Информационные технологии в образовании. Электронное обучение 
230 |a 1 компьютерный файл (pdf; 281 Kb) 
300 |a Заглавие с титульного экрана 
320 |a [Библиогр.: с. 418 (3 назв.)] 
330 |a In modern society, the practice of distance education. This concept is very important in our time. This is a chance to save money and time. This article describes the positive and negative aspects of e-learning. 
461 1 |0 (RuTPU)RU\TPU\conf\17281  |t Информационные технологии в науке, управлении, социальной сфере и медицине  |o сборник научных трудов III Международной научной конференции, 23-26 мая 2016 г., Томск  |o в 2 ч.  |d 2016 
463 1 |0 (RuTPU)RU\TPU\conf\17283  |t Ч. 1  |f Национальный исследовательский Томский политехнический университет (ТПУ) ; ред. кол. О. Г. Берестнева ; О. М. Гергет ; Т. А. Гладкова  |v [С. 416-418]  |d 2016 
510 1 |a Positive and negative aspects distance education  |z eng 
610 1 |a труды учёных ТПУ 
610 1 |a электронные ресурсы 
610 1 |a дистанционное обучение 
610 1 |a электронное обучение 
610 1 |a образовательные программы 
610 1 |a телекоммуникационные сети 
700 1 |a Фирцович  |b Т. О. 
712 0 2 |a Национальный исследовательский Томский политехнический университет (ТПУ)  |c (2009- )  |2 stltpush  |3 (RuTPU)RU\TPU\col\15902 
801 2 |a RU  |b 63413507  |c 20160912  |g RCR 
856 4 |u http://earchive.tpu.ru/handle/11683/31606 
942 |c BK